| 000 | 01054nas a2200361 4500 | ||
|---|---|---|---|
| 001 | BR2012000519 | ||
| 003 | BR-BrBNA | ||
| 005 | 20231205120025.0 | ||
| 007 | ta | ||
| 008 | 230509b bl.|||p| |||| 00| 00por d | ||
| 040 |
_aBR-BrBNA _bpor _cBiblioteca Nacional de Agricultura |
||
| 041 | _a(Pt) | ||
| 072 | _aF02; F03 | ||
| 100 | 1 | _aSouza, A.L.K. de | |
| 100 | 1 | _aSchuch, M.W. | |
| 100 | 1 | _aAntunes, L.E.C. | |
| 100 | 1 | _aSchmitz, J.D. | |
| 100 | 1 | _aPasa, M. da S. | |
| 100 | 1 | _aCamargo, S.S. | |
| 100 | 1 | _aCarra, B. | |
| 245 | 1 | _aDesempenho de mudas de mirtilo obtidas por micropropagação ou estaquia | |
| 650 | _aMIRTILO | ||
| 650 | _aVACCINIUM CORYMBOSUM | ||
| 650 | _aFRUTA TROPICAL | ||
| 650 | _aMUDA | ||
| 650 | _aMICROPROPAGAÇÃO | ||
| 650 | _aREPRODUÇÃO VEGETAL | ||
| 650 | _aESTACA | ||
| 650 | _aPROPAGAÇÃO VEGETATIVA | ||
| 773 | 0 |
_tPesquisa Agropecuária Brasileira (Brazil) _xISSN 0100-204X _g(Aug 2011), v. 46(8) p. 868-874 _wBR2012000519 |
|
| 909 |
_a202311 _bLúcia _c55 _dLúcia Elande |
||
| 942 |
_2AGRIS _n0 _cANA |
||
| 999 |
_c216721 _d216721 |
||